| 000 | 00594nam a22001697a 4500 | ||
|---|---|---|---|
| 999 |
_c18117 _d18117 |
||
| 008 | 191205b xxu||||| |||| 00| 0 eng d | ||
| 040 |
_aKABU _cKABU |
||
| 050 |
_aHV5824 _b.D78 2017 c. 1 |
||
| 110 | _aKenya national Commission for UNESCO | ||
| 245 | _aAn Investigation into factors contributing to drug and substance abuse among the youth in Lamu County, Kenya | ||
| 260 |
_aKenya _bKenya National Commission for UNESCO _c2017 |
||
| 300 | _axii, 82 p. | ||
| 650 |
_aTeenagers _xDrug use |
||
| 650 |
_aDrug abuse _zKenya |
||
| 650 |
_aDrug abuse _xPrevention |
||
| 942 |
_2lcc _cBK _hHV5824 |
||